[Event "JPN-ch"]
[Site "Tokyo"]
[Date "2024.05.03"]
[Round "4"]
[White "Yamada, Kohei"]
[Black "Yonemitsu, Kohei"]
[Result "1/2-1/2"]
[WhiteElo "2199"]
[BlackElo "1988"]
[PlyCount "74"]
[EventDate "2024.05.02"]
[EventType "swiss"]
[EventRounds "9"]
[EventCountry "JPN"]
[SourceTitle "CB20_2024"]
[SourceDate "2024.05.16"]
[SourceVersion "1"]
[SourceVersionDate "2024.05.16"]
[SourceQuality "1"]

1. e4 c5 2. Nf3 d6 3. d4 cxd4 4. Nxd4 Nf6 5. Nc3 Nc6 6. Bg5 e6 7. Bb5 Bd7 8. Qd3 Qb6 9. Bxc6 bxc6 10. 0-0-0 Rb8 11. Nb3 c5 12. e5 Ng4 13. exd6 Nxf2 14. Qe2 Nxd1 15. Nd5 Qxd6 16. Rxd1 Qc6 17. Na5 Qc8 18. Qe5 f5 19. Nc4 Kf7 20. Nf4 Rb7 21. g4 fxg4 22. Nh5 Kg8 23. Nf6+ gxf6 24. Bxf6 Be8 25. Bxh8 Rd7 26. Rg1 Rd5 27. Qf6 Bg6 28. b3 Rf5 29. Qc3 Qc7 30. Be5 Qc6 31. Ne3 Rf3 32. Kb1 Qe4 33. Nxg4 Kf7 34. Qd2 Qd5 35. Qe2 Qe4 36. Qd2 Qd5 37. Qe2 Qe4 1/2-1/2